| 000 | 02090nam0a2200349 i 4500 | ||
|---|---|---|---|
| 001 | RU\NLR\BIBL_A\011214885 | ||
| 005 | 20260405112201.0 | ||
| 010 |
_a9785763834369 _9100 |
||
| 021 |
_aRU _b2016-67737 _94354 |
||
| 035 | _a(NLR Aleph) 011214885 | ||
| 090 |
_a11991311 _c11991311 |
||
| 100 | _a20160916d2016 km y0rusy50 ca | ||
| 101 | 0 |
_arus _aeng |
|
| 102 | _aRU | ||
| 105 | _aa j 000yy | ||
| 200 | 1 |
_aФинансовый анализ проекта _dFinancial analysis of a project _eучебное пособие _eдля обучающихся по программам высшего образования направления подготовки 38.04.02 "Менеджмент" (квалификация (степень) "магистр") _fВ. П. Масловский, С. Б. Глоба, Н. М. Бутакова, В. Н. Сурай _gМ-во образования и науки Рос. Федерации, Сиб. федерал. ун-т, [Ин-т управления бизнес-процессами и экономики] _zeng |
|
| 210 |
_aКрасноярск _cСФУ _d2016 |
||
| 215 |
_a200 с. _cил. _d21 |
||
| 300 | _aАвт. также на англ. яз.: V. Maslovskij, G. Globa, N. Butakova, V. Suray | ||
| 300 | _aТекст парал. на рус. и англ. яз. | ||
| 320 | _aБиблиогр.: с. 196-198 | ||
| 510 | 1 |
_aFinancial analysis of a project _zeng |
|
| 606 | 1 |
_aИнвестиционные проекты _jУчебные издания для высших учебных заведений _xАнализ _92110614 _3RU\NLR\AUTH\661275585 |
|
| 686 | 1 | _aУ9(2)-56(2Р)я73 | |
| 701 | 1 |
_7ca _8rus _aМасловский _bВ. П. _gВладимир Петрович _926014 _3RU\NLR\AUTH\7743071 |
|
| 701 | 1 |
_aГлоба _bС. Б. _gСветлана Борисовна |
|
| 701 | 1 |
_aБутакова _bН. М. _gНина Михайловна |
|
| 701 | 1 |
_7ca _8rus _aСурай _bВ. Н. _gВалентина Николаевна _926016 _3RU\NLR\AUTH\7743073 |
|
| 942 | _cBOOK | ||
| 980 | _aNBR | ||